00322nam a2200121Ia 4500003000400000005001700004008004100021040000700062082002300069100002300092245004500115260004000160OSt20230530112156.0210423s1991 xx 000 0 und d cAL a303.484 223bDESS aDESSECHERS (John). aSocial movements towards a perspectives. aBangalorebC B S Publicationsc1991